World Capitals Closest to Each World Capital - Statistics

General Stats
  • This quiz has been taken 376 times
    344 since last reset
  • The average score is 68 of 203
Answer Stats
Answer % Correct
Buenos Aires
91%
Quito
90%
Montevideo
86%
Asunción
80%
Bogotá
71%
Buenos Aires
71%
Buenos Aires
70%
Georgetown
68%
La Paz
68%
Lima
68%
Paramaribo
67%
Brussels
65%
Madrid
65%
London
63%
Amsterdam
61%
Tallinn
60%
Skopje
59%
Berlin
58%
Brussels
58%
Madrid
58%
Prague
58%
Vaduz
58%
Andorra la Vella
56%
Brussels
56%
Brussels
55%
Minsk
55%
Sarajevo
55%
Sofia
55%
Vatican City
55%
Vienna
55%
Washington
55%
Zagreb
55%
Chişinău
54%
Stockholm
54%
Vilnius
54%
Bern
53%
Bucharest
53%
Dublin
53%
Ottawa
53%
Rome
53%
Tallinn
53%
Helsinki
52%
Bratislava
51%
Vienna
51%
Tirana
50%
Bern
49%
Santo Domingo
49%
Guatemala City
48%
Pristina
48%
Skopje
48%
San José
47%
Havana
46%
Minsk
46%
Bratislava
45%
Guatemala City
45%
Ljubljana
45%
Nassau
45%
Podgorica
45%
Port-au-Prince
45%
Reykjavik
45%
San Salvador
45%
Vatican City
45%
Podgorica
44%
Skopje
44%
Tallinn
44%
San Salvador
43%
Vilnius
43%
Tegucigalpa
42%
Guatemala City
41%
Managua
40%
Kinshasa
38%
Port-au-Prince
38%
Tripoli
38%
Tunis
37%
Reykjavik
36%
Wellington
36%
Jerusalem
34%
Banjul
33%
Brazzaville
32%
Djibouti
32%
Canberra
31%
Jerusalem
31%
Moroni
31%
Dakar
30%
Doha
30%
Kigali
30%
Lomé
30%
Sana'a
30%
St George's
30%
St John's
30%
Conakry
29%
Kingstown
29%
Banjul
28%
Castries
28%
Freetown
28%
Kigali
28%
Kingstown
28%
Lusaka
28%
Manila
28%
Nairobi
28%
Ouagadougou
28%
Porto-Novo
28%
Sana'a
28%
Pretoria
27%
Asmara
26%
Tbilisi
26%
Castries
25%
Nicosia
25%
Amman
24%
Basseterre
24%
Caracas
24%
Porto-Novo
24%
Pyongyang
24%
Yaoundé
24%
Beirut
23%
Bujumbura
23%
Damascus
23%
Harare
23%
Kabul
23%
Kampala
23%
Kinshasa
23%
Seoul
23%
St George's
23%
Caracas
22%
Malé
22%
Manama
22%
Maputo
22%
Nuku'alofa
22%
Pyongyang
22%
Singapore
22%
Harare
21%
Honiara
21%
Islamabad
21%
Kingstown
21%
Kuala Lumpur
21%
Singapore
21%
Thimphu
21%
Vientiane
21%
Abu Dhabi
20%
Basseterre
20%
Beijing
20%
Bishkek
20%
Colombo
20%
Doha
20%
Kuwait City
20%
Manila
20%
Mbabane
20%
Pretoria
20%
Seoul
20%
Taipei
20%
Tbilisi
20%
Thimphu
20%
Yerevan
20%
Hanoi
19%
South Tarawa
19%
Suva
19%
Apia
18%
Bangkok
18%
Islamabad
18%
Majuro
18%
Manama
18%
Nairobi
18%
Nuku'alofa
18%
São Tomé
18%
Suva
18%
Suva
18%
Tashkent
18%
Tashkent
18%
Tehran
18%
Vientiane
18%
Yaoundé
18%
Beirut
17%
Djibouti
17%
Freetown
17%
Majuro
17%
Yaren
17%
Yaren
17%
Antananarivo
16%
Apia
16%
Bandar Seri Begawan
16%
Manama
16%
Dakar
15%
Dhaka
15%
Dushanbe
15%
Kampala
15%
Lomé
15%
Antananarivo
14%
Baku
14%
Dakar
14%
Valletta
14%
Valletta
14%
Vientiane
14%
Gaborone
13%
Jerusalem
13%
Libreville
13%
Lisbon
13%
Niamey
13%
Ouagadougou
13%
Luanda
12%
Abuja
11%
Accra
11%
Malabo
10%
Mogadishu
8%
No matching quizzes found
Score Distribution
Percent of People with Each Score
Percentile by Number Answered
Your Score History
You have not taken this quiz since the last reset